000 00756cab a2200253 4500
001 WB3314-07
008 090401t1997 xxu||||| |||| 00| 0 eng d
035 _a(Sirsi) u77691
041 _aeng
245 _aLabour costs rise
260 _c1997
350 _a0
490 _aBuilding
_v(13) 4 April 1997, 10(1)
520 _aSubcontractors are starting to pass price rises on to contractors, in order to cope with the cost of handling the government crackdown on bogus self-employment.
650 _aCONTRACTORS
650 _aContracts
_96232
650 _aLABOUR COSTS
650 _aPRICE RISES
650 _aSELF-EMPLOYMENT
650 _aSUBCONTRACTORS
690 _aBUILT ENVIRONMENT-BUILDING COSTS
942 _n0
948 _c10/04/1997
999 _c48833
_d48833